The trumpet-major (Record no. 533881)

000 -LEADER
fixed length control field 00612 a2200229 4500
003 - CONTROL NUMBER IDENTIFIER
control field NUST
005 - DATE AND TIME OF LATEST TRANSACTION
control field 20200123112553.0
008 - FIXED-LENGTH DATA ELEMENTS--GENERAL INFORMATION
fixed length control field 200123b ||||| |||| 00| 0 eng d
020 ## - INTERNATIONAL STANDARD BOOK NUMBER
International Standard Book Number 0-14-062211-X
038 ## - RECORD CONTENT LICENSOR
Staff Name MSOHAIL
040 ## - CATALOGING SOURCE
Original cataloging agency DLC
Language of cataloging DLC
082 ## - DEWEY DECIMAL CLASSIFICATION NUMBER
Classification number 823.8
082 ## - DEWEY DECIMAL CLASSIFICATION NUMBER
Classification number 823.8
100 1# - MAIN ENTRY--PERSONAL NAME
Personal name Hardy, Thomas,
9 (RLIN) 27910
245 04 - TITLE STATEMENT
Title The trumpet-major
Statement of responsibility, etc. Hardy, Thomas
260 ## - PUBLICATION, DISTRIBUTION, ETC.
Place of publication, distribution, etc. London :
Name of publisher, distributor, etc. Penguin,
Date of publication, distribution, etc. 1997
300 ## - PHYSICAL DESCRIPTION
Extent 304 s. ;
Dimensions 18 cm
440 #0 - SERIES STATEMENT/ADDED ENTRY--TITLE
Title Penguin popular classics
9 (RLIN) 27911
500 ## - GENERAL NOTE
General note Originalupplaga 1882
650 #7 - SUBJECT ADDED ENTRY--TOPICAL TERM
Topical term or geographic name entry element English fiction
Chronological subdivision 19th century
9 (RLIN) 27912
942 ## - ADDED ENTRY ELEMENTS (KOHA)
Koha item type Book
Call number prefix 823.8 HAR
Source of classification or shelving scheme
Holdings
Withdrawn status Lost status Source of classification or shelving scheme Damaged status Not for loan Permanent Location Current Location Date acquired Total Checkouts Full call number Barcode Date last seen Price effective from Koha item type
          School of Civil and Environmental Engineering (SCEE) School of Civil and Environmental Engineering (SCEE) 01/23/2020   823.8 NIT-9397 01/23/2020 01/23/2020 Book
© 2023 Central Library, National University of Sciences and Technology. All Rights Reserved.